000 00793nam a2200253Ia 4500
003 OSt
005 20220918170808.0
006 a|||||r|||| 00| 0
007 ta
008 220917b |||||||| |||| 00| 0 eng d
020 _a9780521722384 (pbk)
_c1330.33
024 _a238,585
037 _b172, 03/11/2008, N. R. Book Distributors
_cTextual
040 _aARTS
_cARTS
_beng
041 _2eng
_aeng
082 _aWxG25:g, P6
100 _aKeys Mary M.
_931271
245 0 _aAquinas, aristotle and promise of the common good
260 _aCambridge
_bCambridge University Press
_c2006
300 _axiii,255p.
_ccm.
650 _aPOLITICAL SCIENCE
942 _hWxG25:g, P6
_cTEXL
_2CC
999 _c135850
_d135850